Entry Personal Name
Number of records used in: 1
001 - CONTROL NUMBER
003 - CONTROL NUMBER IDENTIFIER
005 - DATE AND TIME OF LATEST TRANSACTION
- control field:
20231206151449.0
008 - FIXED-LENGTH DATA ELEMENTS
- fixed length control field:
930223n| azannaabn |a aaa
010 ## - LIBRARY OF CONGRESS CONTROL NUMBER
- LC control number:
n 88161632
035 ## - SYSTEM CONTROL NUMBER
- System control number:
(OCoLC)oca03322298
040 ## - CATALOGING SOURCE
- Original cataloging agency:
DLC
- Language of cataloging:
eng
- Description conventions:
rda
- Transcribing agency:
DLC
- Modifying agency:
DLC
- Modifying agency:
DLC-ON
- Modifying agency:
DLC
100 1# - HEADING--PERSONAL NAME
- Personal name:
Thorat, Sukhadeo
370 ## - ASSOCIATED PLACE
- Other associated place:
New Delhi, India
372 ## - FIELD OF ACTIVITY
- Field of activity:
Social sciences
- Source of term:
lcsh
373 ## - ASSOCIATED GROUP
- Associated group:
Indian Council of Social Science Research
- Source of term:
naf
374 ## - OCCUPATION
- Occupation:
College teachers
- Source of term:
lcsh
375 ## - GENDER
377 ## - ASSOCIATED LANGUAGE
400 1# - SEE FROM TRACING--PERSONAL NAME
- Personal name:
Thorat, S. K.
400 1# - SEE FROM TRACING--PERSONAL NAME
- Personal name:
Thorat, Sukhadeo K.
670 ## - SOURCE DATA FOUND
- Source citation:
His Technological change and regional differentiation, 1993:
- Information found:
title page (Sukhadeo Thorat) pref. (S.K. Thorat) jacket (faculty member, Centre for the Study of Regional Development, Jawaharlal Nehru University, New Delhi; formerly taught at Vasantrao Naik Coll., Aurangabad, Maharashtra; during 1989-1991, was visiting post-doctoral fellow at Low State U., Ames, Center for International and Comparative Studies at Iowa City, U.S.A., and a consultant in International Food Policy Research Institute, Washington, D.C.; done res. on agric. devel., etc.)
670 ## - SOURCE DATA FOUND
- Source citation:
Rural development, 2001:
- Information found:
title page (Sukhadeo K. Thorat)
670 ## - SOURCE DATA FOUND
- Source citation:
Human development index calculations for social groups in India with extensions to include living conditions and social networks, 2013:
- Information found:
title page (Sukhadeo Thorat) page 1 (Indian Council of Social Science Research)